| 000 | 00467nam a2200157 4500 | ||
|---|---|---|---|
| 999 |
_c12323 _d12323 |
||
| 008 | 210128b ||||| |||| 00| 0 eng d | ||
| 041 | _ahin | ||
| 082 | 0 | 0 |
_a891.43 _bC4958 |
| 100 |
_93631 _aChatursen, Acharya |
||
| 245 | 1 | 0 |
_aMeri atma Kahani / _cby Acharya Chatursen |
| 245 | 1 | 0 |
_aमेरी आत्मा कहानी / _cआचार्य चतुरसेन |
| 260 |
_a[s.l.] _b[s.n.] _c? |
||
| 300 | _a. | ||
| 650 | 0 | _aHindi fiction | |
| 942 |
_2ddc _cBK |
||